[Event "Tourn. n8519"]
[Site "www.chess-mail.com"]
[Date "2016.03.02"]
[Round "1"]
[White "Caspito"]
[Black "Bluetealeaf"]
[WhiteElo "1800"]
[BlackElo "1760"]
[Result "1-0"]
[Round "1"]
1.e4 e5
2.Ng1f3 f6
3.c3 Bf8d6
4.d4 Nb8c6
5.d5 Nc6e7
6.c4 c5
7.Bf1e2 Ne7g6
8.O-O h5
9.Nb1c3 a6
10.a3 Ng8e7
11.b3 h4
12.h3 Qd8a5
13.Bc1d2 Qa5b6
14.Ra1b1 Ng6f4
15.Nf3e1 Ne7g6
16.Nc3a4 Qb6c7
17.Be2g4 b5
18.Na4c3 Qc7a5
19.Nc3xb5 Qa5b6
20.Nb5c3 a5
21.Nc3a4 Qb6c7
22.Bg4f5 Ng6e7
23.Qd1g4 Ne7xf5
24.Qg4xf5 Bd6e7
25.Qf5g4 d6
26.Qg4xg7 Rh8f8
27.Bd2xf4 exf4
28.Ne1f3 Bc8d7
29.Qg7g6 Kd8
30.Qg6h6 Kc8
31.Qh6xf4 Rf8g8
32.Qf4xh4 Kb7
33.g4 Rg8h8
34.Qh4g3 Ra8g8
35.Nf3h2 f5
36.exf5 Be7h4
37.Qg3d3 Qc7c8
38.Na4c3 Bd7xf5
39.Qd3e3 Bf5xb1
40.Rf1xb1 Qc8f8
41.f4 Rg8g7
42.b4 Rg7e7
43.bxc5 Kc8
44.Qe3d4 Bh4f6
45.Qd4f2 Bf6xc3
46.c6 Rh8h7
47.Qf2b6 Re7e1
48.Rb1xe1 Bc3xe1
49.Qb6a6 Kd8
50.Qa6a8 Ke7
51.Qa8b7 Ke8
52.Qb7xh7 Qf8xf4
53.Qh7g8 Ke7
54.Qg8e6 Kd8
55.Qe6d7 { resign }
1-0

[Event "Tourn. n8622"]
[Site "www.chess-mail.com"]
[Date "2016.03.02"]
[Round "1"]
[White "Koumaak"]
[Black "Jjmcbride"]
[WhiteElo "1499"]
[BlackElo "1520"]
[Result "1-0"]
[Round "1"]
1.e3 e5
2.a3 e4
3.Nb1c3 d5
4.d3 f5
5.dxe4 Ng8f6
6.exd5 b6
7.g3 c6
8.Bf1g2 a5
9.dxc6 Qd8xd1
10.Nc3xd1 Nb8a6
11.Ng1e2 Bf8d6
12.Ne2d4 O-O
13.O-O Na6c7
14.Rf1e1 a4
15.Bc1d2 Ra8a7
16.Nd1c3 Ra7a5
17.Nc3b5 Ra5a8
18.Nb5xd6 Nf6e4
19.Bg2xe4 fxe4
20.Nd6xe4 Bc8g4
21.Bd2b4 Rf8f7
22.Bb4d6 Bg4f3
23.Ne4g5 Rf7f6
24.Bd6xc7 h6
25.Ng5xf3 g5
26.Bc7xb6 Ra8b8
27.c7 Rb8c8
28.Bb6a5 { resign }
1-0

[Event "Tourn. n8662"]
[Site "www.chess-mail.com"]
[Date "2016.03.02"]
[Round "1"]
[White "Hansen"]
[Black "Shlomo"]
[WhiteElo "1620"]
[BlackElo "1469"]
[Result "0-1"]
[Round "1"]
1.e4 e5
2.Ng1f3 Nb8c6
3.Bf1b5 a6
4.Bb5xc6 dxc6
5.Nf3xe5 Ng8f6
6.a3 Bf8d6
7.Ne5c4 Nf6xe4
8.d3 b5
9.Nc4a5 Qd8f6
10.dxe4 Bd6e5
11.c3 O-O
12.g3 Rf8d8
13.Qd1b3 Bc8e6
14.c4 bxc4
15.Qb3b7 Be6g4
16.Na5xc6 Rd8d1

0-1

[Event "Tourn. n8603"]
[Site "www.chess-mail.com"]
[Date "2016.03.02"]
[Round "1"]
[White "Guidom"]
[Black "Emiondi"]
[WhiteElo "2100"]
[BlackElo "2210"]
[Result "0-1"]
[Round "1"]
1.e4 e5
2.Ng1f3 Nb8c6
3.Bf1b5 a6
4.Bb5a4 Ng8f6
5.O-O Bf8e7
6.d3 d6
7.Bc1g5 h6
8.Bg5h4 O-O
9.Nb1d2 b5
10.Ba4b3 Nc6a5
11.h3 Na5xb3
12.axb3 c5
13.c4 Bc8b7
14.Qd1e2 Nf6d7
15.Bh4xe7 Qd8xe7
16.Nf3h2 f5
17.exf5 Rf8xf5
18.f4 Ra8e8
19.fxe5 Rf5xe5
20.Qe2g4 Re5g5
21.Qg4xg5 hxg5
22.Nh2f3 Qe7e3
23.Kh2 Qe3xd3
24.Ra1d1 Re8e2
25.Kh1 Nd7e5
26.Rf1g1 g4
{ resign }
0-1

[Event "Tourn. n8635"]
[Site "www.chess-mail.com"]
[Date "2016.03.02"]
[Round "1"]
[White "Cal"]
[Black "Jjmcbride"]
[WhiteElo "1640"]
[BlackElo "1520"]
[Result "0-1"]
[Round "1"]
1.Nb1c3 d5
2.d4 b6
3.h3 Bc8a6
4.a3 Nb8c6
5.Ng1f3 Qd8d6
6.b4 Ba6c4
7.Bc1b2 g6
8.Nf3e5 Bf8g7
9.Ne5xc6 Qd6xc6
10.Qd1d2 Bg7h6
11.e3 Bc4xf1
12.Kxf1 O-O-O
13.f3 Qc6c4
14.Kf2 f5
15.Rh1e1 Bh6g7
16.Nc3e2 g5
17.Ne2g3 e6
18.c3 h5
19.Ng3e2 g4
20.fxg4 hxg4
21.hxg4 Ng8f6
22.Kf3 Nf6e4
23.Ne2f4 Ne4xd2
24.Kf2 fxg4
25.Nf4xe6 Rd8d7
26.a4 Nd2e4
27.Kg1 g3
28.b5 Ne4f2
29.Ne6f4 Rh8h1
{ resign }
0-1

[Event "Tourn. n8648"]
[Site "www.chess-mail.com"]
[Date "2016.03.02"]
[Round "1"]
[White "Cal"]
[Black "Caspito"]
[WhiteElo "1740"]
[BlackElo "1690"]
[Result "1-0"]
[Round "1"]
1.c4 e6
2.a3 d5
3.cxd5 exd5
4.d4 g6
5.h3 f5
6.Nb1c3 Nb8c6
7.b4 Bc8e6
8.e3 Ng8e7
9.Ng1f3 Bf8g7
10.Bc1b2 O-O
11.Bf1b5 a6
12.Bb5a4 b5
13.Ba4b3 Nc6a7
14.O-O c6
15.Nc3e2 a5
16.bxa5 Qd8xa5
17.Bb2c3 Qa5c7
18.Bc3b4 Ra8b8
19.Nf3g5 Be6f7
20.Ng5f3 Na7c8
21.Nf3g5 Nc8d6
22.Ne2f4 Bg7h6
23.h4 Nd6e4
24.Ng5xe4 dxe4
25.Bb4xe7 Qc7xe7
26.Bb3xf7 Rf8xf7
27.Qd1b3 Qe7xh4
28.Qb3e6 Kg7
29.Qe6e5 { resign }
1-0

[Event "Tourn. n8589"]
[Site "www.chess-mail.com"]
[Date "2016.03.02"]
[Round "1"]
[White "Cal"]
[Black "Passaroa25"]
[WhiteElo "1540"]
[BlackElo "1560"]
[Result "0-1"]
[Round "1"]
1.d4 c6
2.Bc1d2 d5
3.Nb1c3 Bc8e6
4.h3 f6
5.e4 Be6f7
6.e5 e6
7.a3 Nb8d7
8.b4 b5
9.Bf1d3 Ng8e7
10.Ng1f3 Ne7g6
11.exf6 Nd7xf6
12.Bd2g5 h6
13.Bg5xf6 gxf6
14.O-O Bf8e7
15.Nc3e2 O-O
16.Ne2g3 Ng6h8
17.Nf3h4 f5
18.Nh4f3 Be7f6
19.c3 Bf7g6
20.Nf3e5 Bf6xe5
21.dxe5 Nh8f7
22.f3 Nf7xe5
23.Bd3e2 Ne5c4
24.f4 Nc4e3
25.Qd1d4 Ne3xf1
26.Kxf1 Qd8d7
27.c4 Qd7g7
28.Qd4d3 Qg7xa1
29.Kf2 bxc4
30.h4 cxd3
31.Be2xd3 Qa1d4
32.Ke2 Qd4g1
33.Kf3 Qg1d4
34.Bd3e2 Qd4c3
35.Kf2 Qc3xa3
36.h5 Bg6f7
37.b5 c5
38.Ng3f1 c4
39.g3 Qa3c5
40.Kg2 Qc5xb5
41.Nf1d2 Qb5c5
42.Nd2f3 Bf7xh5
43.Kh3 Qc5f2
{ resign }
0-1

[Event "Tourn. n8648"]
[Site "www.chess-mail.com"]
[Date "2016.03.02"]
[Round "1"]
[White "Sorren"]
[Black "Caspito"]
[WhiteElo "1790"]
[BlackElo "1690"]
[Result "1-0"]
[Round "1"]
1.e4 e5
2.Ng1f3 Nb8c6
3.Bf1b5 a6
4.Bb5a4 b5
5.Ba4b3 Ng8h6
6.d4 exd4
7.Bc1xh6 gxh6
8.Nf3xd4 Qd8g5
9.O-O Rh8g8
10.g3 Bc8b7
11.Nb1c3 O-O-O
12.Bb3xf7 Rg8g7
13.Bf7d5 Bf8c5
14.Nd4xc6 Bb7xc6
15.a3 Bc6b7
16.b4 Bc5a7
17.Bd5xb7 Kxb7
18.Nc3d5 h5
19.a4 c6
20.Nd5c3 h4
21.axb5 h5
22.Ra1xa6 hxg3
23.hxg3 cxb5
24.Qd1a1 Ba7xf2
25.Rf1xf2 Qg5xg3
26.Kf1 Qg3g1
27.Ke2 Qg1xa1
28.Ra6xa1 h4
29.Rf2h2 Rd8h8
30.Nc3xb5 h3
31.Kf2 Rh8f8
32.Ke3 Rg7g3
33.Kd4 Rf8h8
34.Ra1h1 Kb6
35.Nb5d6 Rh8h6
36.Nd6f5 { resign }
1-0

[Event "Tourn. n8627"]
[Site "www.chess-mail.com"]
[Date "2016.03.02"]
[Round "1"]
[White "Francesco"]
[Black "Odin"]
[WhiteElo "2020"]
[BlackElo "1850"]
[Result "0-1"]
[Round "1"]
1.e4 c5
2.c3 e5
3.d4 cxd4
4.cxd4 exd4
5.Qd1xd4 Nb8c6
6.Qd4d1 Bf8b4
7.Bc1d2 Qd8e7
8.Bd2xb4 Nc6xb4
9.Nb1c3 Ng8f6
10.f3 O-O
11.a3 Nb4c6
12.Bf1c4 Nc6e5
13.Bc4d5 Ra8b8
14.Ng1e2 a6
15.O-O b6
16.Ne2d4 Qe7c5
17.Ra1c1 Qc5d6
18.Nd4f5 Qd6c5
19.Rf1f2 b5
20.b4 Qc5b6
21.Kf1 Rf8e8
22.h3 Bc8b7
23.Bd5a2 Nf6h5
24.f4 Bb7xe4
25.Nc3xe4 Ne5c4
26.Ne4d6 Nc4xd6
27.Nf5xd6 Nh5g3
28.Kg1 Re8e2
29.Ba2xf7 Kf8
30.Rc1c2 Qb6xf2
31.Kh2 Qf2xg2
{ resign }
0-1

[Event "Match"]
[Site "www.echecsemail.com"]
[Date "2016.03.02"]
[Round "1"]
[White "Billyg"]
[Black "Duff"]
[WhiteElo "1660"]
[BlackElo "1920"]
[Result "0-1"]
[Round "1"]
1.e4 e5
2.Ng1f3 Nb8c6
3.d4 exd4
4.Nf3xd4 Bf8c5
5.c3 Qd8f6
6.Bc1e3 Bc5b6
7.Bf1b5 Ng8e7
8.Nd4xc6 Bb6xe3
9.O-O dxc6
10.fxe3 Qf6h6
11.Bb5d3 Qh6xe3
12.Kh1 O-O
13.Rf1f3 Qe3b6
14.b3 Bc8g4
15.Nb1d2 Bg4xf3
16.gxf3 Qb6e3
17.Nd2c4 Qe3f4
18.Nc4a5 b6
19.Na5c4 Rf8d8
20.Nc4a3 Ne7g6
21.Qd1e2 Ng6e5
22.Bd3c4 Qf4xf3
23.Qe2xf3 Ne5xf3
24.Ra1f1 Nf3e5
25.Rf1f5 Ne5xc4
26.Na3xc4 Rd8d3
27.Nc4e5 Rd3xc3
28.Rf5xf7 Ra8f8
29.Rf7xc7 Rc3c2
30.Kg1 Rf8d8
31.Ne5d7 Rc2d2
32.e5 Rd2xd7
33.Rc7xc6 Rd8e8
34.e6 Rd7e7
{ resign }
0-1

[Event "Match"]
[Site "www.echecsemail.com"]
[Date "2016.03.02"]
[Round "1"]
[White "Paul30"]
[Black "Billyg"]
[WhiteElo "1499"]
[BlackElo "1710"]
[Result "1-0"]
[Round "1"]
1.e4 e5
2.Ng1f3 d6
3.d4 Bc8g4
4.dxe5 a6
5.exd6 Bf8xd6
6.Bf1e2 Bg4xf3
7.Be2xf3 Ng8e7
8.O-O c6
9.Bc1g5 f6
10.Bg5e3 O-O
11.Nb1d2 Qd8c7
12.h3 Nb8d7
13.Rf1e1 Ra8d8
14.c3 f5
15.Nd2c4 Bd6c5
16.Be3xc5 Nd7xc5
17.Qd1c2 Qc7f4
18.b4 Nc5d3
19.Re1d1 fxe4
20.Bf3g4 Nd3xf2
21.Rd1xd8 Rf8xd8
22.Qc2xf2 Qf4xf2
23.Kxf2 Rd8f8
24.Ke3 Ne7d5
25.Kxe4 Nd5xc3
26.Kd3 Nc3b5
27.a4 Nb5c7
28.Bg4f3 Nc7e6
29.Ra1a2 Ne6f4
30.Kc3 b5
31.axb5 cxb5
32.Nc4e5 Rf8f5
33.Ne5d3 Rf5f6
34.Nd3c5 g6
35.Ra2xa6 Rf6f5
36.Nc5d3 Nf4h5
37.Ra6b6 Nh5g3
38.Nd3c5 g5
39.Rb6xb5 Rf5e5
40.Rb5b8 Kf7
41.Kc4 Ng3f5
42.b5 Nf5e3
43.Kd4 { resign }
1-0

[Event "Match"]
[Site "www.echecsemail.com"]
[Date "2016.03.02"]
[Round "1"]
[White "Paul30"]
[Black "Olddog55"]
[WhiteElo "1499"]
[BlackElo "1580"]
[Result "1-0"]
[Round "1"]
1.d4 Ng8f6
2.c4 d5
3.Nb1c3 e6
4.a3 Bf8e7
5.Ng1f3 O-O
6.e3 c5
7.dxc5 Be7xc5
8.cxd5 exd5
9.Bf1e2 Nb8c6
10.O-O d4
11.exd4 Nc6xd4
12.Nf3xd4 Bc5xd4
13.Bc1g5 h6
14.Bg5h4 Qd8b6
15.Qd1c2 h5
16.Bh4xf6 Qb6xf6
17.Be2xh5 Qf6g5
18.Bh5f3 Bc8f5
19.Qc2b3 b6
20.Bf3xa8 Rf8xa8
21.Qb3d5 Ra8d8
22.Qd5f3 Qg5d2
23.Qf3xf5 Qd2xb2
24.Nc3e4 Qb2b3
25.Ra1d1 Qb3xa3
26.Qf5g4 Qa3a5
27.Ne4g5 Qa5c5
28.Kh1 Qc5c4
29.Qg4f4 f6
30.Ng5f3 g5
31.Nf3xg5 fxg5
32.Qf4xg5 { resign }
1-0

[Event "Match"]
[Site "www.echecsemail.com"]
[Date "2016.03.02"]
[Round "1"]
[White "Norwich"]
[Black "Paul30"]
[WhiteElo "1650"]
[BlackElo "1499"]
[Result "1/2-1/2"]
[Round "1"]
1.e4 e6
2.Nb1c3 d5
3.exd5 exd5
4.d4 Ng8f6
5.Bc1g5 c6
6.Ng1f3 Bf8e7
7.Bf1d3 Bc8g4
8.O-O O-O
9.h3 Bg4h5
10.Rf1e1 Rf8e8
11.Bd3e2 Nb8d7
12.Nf3e5 Bh5xe2
13.Re1xe2 Nd7xe5
14.Re2xe5 Nf6d7
15.Bg5xe7 Re8xe7
16.Re5xe7 Qd8xe7
17.Qd1d2 Ra8e8
18.Kf1 Nd7f6
19.Ra1e1 Qe7xe1
20.Qd2xe1 Re8xe1
21.Kxe1 h6
22.Ke2 { draw }
1/2-1/2

[Event "Match"]
[Site "www.echecsemail.com"]
[Date "2016.03.02"]
[Round "1"]
[White "Jjmcbride"]
[Black "Azorau"]
[WhiteElo "1600"]
[BlackElo "1870"]
[Result "0-1"]
[Round "1"]
1.e4 e5
2.Bf1c4 Ng8f6
3.d3 d5
4.exd5 Nf6xd5
5.Ng1f3 h6
6.Nf3xe5 Qd8e7
7.d4 Nd5b6
8.Bc4b3 Bc8e6
9.Qd1d3 Be6xb3
10.Qd3xb3 f6
11.Qb3f7 Qe7xf7
12.Ne5xf7 Kxf7
13.O-O Nb8c6
14.Rf1d1 Bf8d6
15.b3 Nb6d5
16.c4 Nd5b4
17.a3 Nb4c2
18.Ra1a2 Nc2xd4
19.b4 Bd6e5
20.f4 Be5d6
21.b5 Bd6c5
22.bxc6 Nd4xc6
23.Kh1 Rh8d8
24.Nb1c3 Bc5d4
25.Nc3d5 Rd8d7
26.Ra2e2 Ra8d8
27.Bc1d2 Bd4c5
28.Rd1a1 Nc6b8
29.Ra1a2 c6
30.Bd2b4 cxd5
31.Bb4xc5 dxc4
32.Bc5xa7 Nb8c6
33.Ba7f2 Rd7d1
34.Bf2g1 Rd1f1
35.Re2f2 Rf1e1
36.Rf2d2 Rd8e8
37.Rd2d7 Kg8
38.Rd7xb7 Re1f1
39.Ra2f2 Rf1d1
40.Rb7c7 Re8e1
41.h3 Re1xg1
42.Kh2 Nc6d4
43.Rc7xc4 Nd4f5
44.Rc4e4 Rg1h1
{ resign }
0-1

[Event "Match"]
[Site "www.echecsemail.com"]
[Date "2016.03.02"]
[Round "1"]
[White "Canario"]
[Black "Ztornad"]
[WhiteElo "1830"]
[BlackElo "1730"]
[Result "0-1"]
[Round "1"]
1.e4 e5
2.Ng1f3 d6
3.Bf1c4 Bc8g4
4.h3 Bg4e6
5.Bc4xe6 fxe6
6.Nb1c3 Ng8f6
7.d3 Nb8c6
8.Bc1g5 Nc6d4
9.Nc3e2 Nd4xf3
10.gxf3 h6
11.Bg5e3 d5
12.exd5 Nf6xd5
13.Qd1d2 Bf8b4
14.c3 Bb4a5
15.Rh1g1 g5
16.b4 Ba5b6
17.Be3xb6 axb6
18.c4 Nd5f4
19.Ne2xf4 exf4
20.Qd2c3 Rh8h7
21.h4 Qd8e7
22.h5 O-O-O
23.Kd2 Rd8d6
24.Rg1e1 b5
25.c5 Rd6a6
26.Qc3e5 Ra6c6
27.d4 Qe7d7
28.Kc3 Qd7d8
29.d5 Rc6a6
30.dxe6 Qd8e7
31.Re1d1 Ra6xe6
32.Qe5f5 Qe7f6
33.Qf5xf6 Re6xf6
34.a4 c6
35.axb5 cxb5
36.Ra1a5 Rf6a6
37.Kb3 Kc7
38.Ra5xb5 Rh7e7
39.Kc4 Re7e2
40.Rd1f1 Ra6a3
41.Rb5b6 Re2c2
42.Kd4 Ra3xf3
43.Rb6xh6 Rc2d2
44.Ke4 Rf3d3
45.f3 Rd3d4
46.Kf5 Rd4d5
47.Ke4 Rd2d4
{ resign }
0-1

[Event "1/128 Finale"]
[Site "www.chess-mail.com"]
[Date "2016.03.02"]
[Round "1"]
[White "Orhany24"]
[Black "Towerbridge"]
[WhiteElo "2030"]
[BlackElo "1580"]
[Result "1/2-1/2"]
[Round "1"]
1.e4 d6
2.d4 Ng8f6
3.Bf1d3 e5
4.d5 Bf8e7
5.c4 O-O
6.Ng1e2 Nb8d7
7.Nb1c3 c6
8.O-O cxd5
9.cxd5 Nd7c5
10.Bd3c2 a6
11.h3 b5
12.a3 Bc8b7
13.Bc1e3 Ra8c8
14.Ra1c1 Rf8e8
15.f4 Nf6d7
16.f5 Be7f6
17.g4 Bf6g5
18.Qd1d2 Bg5xe3
19.Qd2xe3 Nd7b6
20.b3 Qd8c7
21.g5 f6
22.h4 Nc5d7
23.Kg2 Qc7c5
24.Qe3xc5 Rc8xc5
25.Bc2d3 Re8c8
26.Nc3a2 Rc5xc1
27.Rf1xc1 Rc8xc1
28.Na2xc1 Nd7c5
29.Bd3b1 Kf7
30.Kf3 fxg5
{ draw }
1/2-1/2

[Event "Eq:Royal chess-Los Tercios : "]
[Site "www.chess-mail.com"]
[Date "2016.03.02"]
[Round "1"]
[White "Cal"]
[Black "Azorau"]
[WhiteElo "1339"]
[BlackElo "1890"]
[Result "1-0"]
[Round "1"]
1.Nb1c3 e5
2.e4 Bf8c5
3.d3 Qd8f6
4.Ng1f3 c6
5.a3 Ng8e7
6.Bc1g5 Qf6e6
7.b3 f6
8.Bg5h4 g5
9.Bh4g3 h5
10.Bf1e2 h4
11.Bg3xe5 fxe5
12.Nf3xg5 Qe6g6
13.Qd1d2 Qg6f6
14.h3 Qf6xf2
15.Kd1 Bc5e3
16.Qd2e1 Qf2xg2
17.Ng5f3 Be3f2
18.Qe1f1 Qg2xf1
19.Rh1xf1 Bf2g3
20.Nf3g5 d6
21.Kd2 Bg3f4
22.Rf1xf4 exf4
23.Ra1f1 Rh8g8
24.Ng5h7 Rg8h8
25.Nh7f6 Kf7
26.Rf1xf4 Kg7
27.d4 Bc8xh3
28.e5 Ne7g6
29.Rf4f2 b5
30.Nc3e4 dxe5
31.dxe5 Ng6xe5
32.Ne4d6 Rh8d8
33.Nf6h5 Kg8
34.Rf2f6 Nb8d7
35.Rf6h6 Nd7f8
36.Kc3 Bh3g4
37.Be2xg4 Ne5xg4
38.Nh5f4 Kg7
39.Nd6f5 Kf7
40.Rh6xh4 Ng4e5
41.Rh4h6 a5
42.Nf4h5 Ne5g4
43.Rh6xc6 Ra8c8
44.Rc6xc8 Ke8
45.Nh5g7 Kd7
46.Rc8c5 Ng4f6
47.Rc5xb5 Rd8c8
48.Kd3 Kc7
49.Rb5c5 Kb8
50.Rc5b5 Ka7
51.Rb5xa5 Kb6
52.b4 Nf6d7
53.c4 Nd7e5
54.Ra5xe5 Rc8d8
55.Kc3 Nf8d7
56.Re5d5 Kc6
57.Nf5e7 Kb7
58.Ng7e6 Nd7b6
59.Rd5xd8 Nb6a4
60.Kd4 Na4b6
61.b5 Nb6a4
62.Rd8d7 Kb8
63.Ne7c6 Kc8
64.Rd7c7 { resign }
1-0

[Event "Eq:Los Tercios-Equipo Juan Diaz : "]
[Site "www.chess-mail.com"]
[Date "2016.03.02"]
[Round "1"]
[White "Ilusion"]
[Black "Alejo"]
[WhiteElo "2040"]
[BlackElo "2120"]
[Result "1-0"]
[Round "1"]
1.d4 Ng8f6
2.c4 e6
3.Nb1c3 Bf8b4
4.Qd1c2 c5
5.dxc5 Bb4xc5
6.e3 O-O
7.Ng1f3 Nb8c6
{ time. }
1-0

[Event "Tourn. n8608"]
[Site "www.chess-mail.com"]
[Date "2016.03.03"]
[Round "1"]
[White "Osopanda"]
[Black "Umzi"]
[WhiteElo "2030"]
[BlackElo "2210"]
[Result "0-1"]
[Round "1"]
1.c4 b6
2.d4 Bc8b7
3.Nb1c3 Ng8f6
4.d5 c6
5.e4 cxd5
6.e5 Nf6e4
7.cxd5 Ne4xc3
8.bxc3 e6
9.c4 Bf8b4
10.Bc1d2 Bb4xd2
11.Qd1xd2 exd5
12.cxd5 O-O
13.Ng1f3 d6
14.Bf1b5 dxe5
15.O-O f6
16.Rf1d1 Nb8d7
17.Bb5c4 Nd7c5
18.d6 Kh8
19.Bc4d5 Qd8d7
20.Bd5xb7 Nc5xb7
21.Qd2b4 Rf8d8
22.Ra1c1 Ra8c8
23.Rc1xc8 Rd8xc8
24.h3 Rc8c6
25.Qb4e4 Nb7xd6
26.Qe4a4 Qd7c7
27.g4 h6
28.Nf3h4 g5
29.Nh4g6 Kg7
30.Ng6e7 Rc6c1
31.Ne7f5 Nd6xf5
32.gxf5 Rc1xd1
33.Qa4xd1 b5
34.Qd1h5 Qc7f7
35.Qh5f3 Qf7d7
36.Kg2 a5
37.Qf3e4 h5
38.h4 gxh4
39.Kh3 b4
40.Kxh4 Qd7d4
{ resign }
0-1

[Event "Tourn. n8657"]
[Site "www.chess-mail.com"]
[Date "2016.03.03"]
[Round "1"]
[White "Cal"]
[Black "Gatrooper"]
[WhiteElo "1770"]
[BlackElo "1670"]
[Result "0-1"]
[Round "1"]
1.d4 d5
2.h3 h6
3.Ng1f3 Nb8c6
4.a3 Ng8f6
5.e3 Nf6e4
6.Bf1d3 Ne4f6
7.Nb1c3 e6
8.b4 a6
9.O-O Bf8e7
10.Bc1b2 Bc8d7
11.Nc3e2 Nc6a7
12.c4 dxc4
13.Bd3xc4 Nf6e4
14.Nf3e5 Be7d6
15.Ne5f3 Qd8f6
16.Ra1b1 e5
17.dxe5 Bd6xe5
18.Bb2xe5 Qf6c6
19.Bc4d5 Qc6g6
20.Be5xc7 Bd7xh3
21.Bd5xb7 Qg6xg2
{ resign }
0-1

[Event "Tourn. n8566"]
[Site "www.chess-mail.com"]
[Date "2016.03.03"]
[Round "1"]
[White "Chtoubidou"]
[Black "Francesco"]
[WhiteElo "1880"]
[BlackElo "1990"]
[Result "1-0"]
[Round "1"]
1.e4 c6
2.d4 d5
3.exd5 cxd5
4.c4 Ng8f6
5.c5 Nb8c6
6.Bf1b5 Bc8f5
7.Nb1c3 a6
8.Bb5xc6 bxc6
9.Qd1a4 Qd8c7
10.Ng1f3 e6
11.g3 Bf5h3
12.Bc1f4 Qc7b7
13.Nf3g5 Bh3g2
14.Rh1g1 Bg2e4
15.Ng5xe4 Nf6xe4
16.Nc3xe4 dxe4
17.Ke2 Qb7xb2
18.Bf4d2 Qb2b5
19.Qa4xb5 axb5
20.Rg1b1 Ra8a4
21.Rb1b4 Ra4xb4
22.Bd2xb4 Bf8e7
23.a4 f5
24.axb5 cxb5
25.Ra1a5 Kf7
26.Ra5xb5 Rh8d8
27.Bb4c3 g5
28.Rb5b7 Rd8c8
29.Bc3b4 Kf6
30.Ke3 h5
31.f3 exf3
32.Kxf3 Rc8c6
33.Bb4c3 Rc6c8
34.d5 e5
35.c6 g4
36.Ke2 Be7d6
37.Rb7d7 Bd6b8
38.Bc3a5 f4
39.c7 f3
40.Kf1 Bb8xc7
41.Rd7xc7 Rc8xc7
42.Ba5xc7 e4
43.Kf2 Ke7
44.d6 Ke6
45.Ke3 Kd7
46.Bc7b6 Kxd6
47.Kxe4 Ke6
48.Kf4 Kf6
49.Bb6f2 Kg6
50.Ke5 Kg5
51.Ke6 Kg6
52.Bf2e3 h4
53.Ke5 Kh5
54.Kf5 hxg3
55.hxg3 f2
56.Be3xf2 Kh6
57.Kxg4 Kg6
58.Kf4 { resign }
1-0

[Event "Tourn. n8594"]
[Site "www.chess-mail.com"]
[Date "2016.03.03"]
[Round "1"]
[White "Libiesse"]
[Black "Comrade"]
[WhiteElo "2000"]
[BlackElo "2100"]
[Result "0-1"]
[Round "1"]
1.d4 d5
2.c4 dxc4
3.Nb1c3 e6
4.Qd1a4 c6
5.Qa4xc4 b5
6.Qc4d3 Bc8a6
7.Qd3d1 b4
8.Nc3e4 Ng8f6
9.Bc1g5 Bf8e7
10.Ne4xf6 Be7xf6
11.Bg5xf6 Qd8xf6
12.Ng1f3 O-O
13.e3 Ba6xf1
14.Kxf1 Rf8d8
15.Qd1a4 a5
16.Ra1c1 Rd8d5
17.Nf3e5 Qf6d8
18.Ne5xc6 Nb8xc6
19.Rc1xc6 e5
20.Ke2 exd4
21.Rh1c1 dxe3
22.Qa4c2 Rd5d2
{ resign }
0-1

[Event "Tourn. n8534"]
[Site "www.chess-mail.com"]
[Date "2016.03.03"]
[Round "1"]
[White "Xkafi"]
[Black "Norlavuaram"]
[WhiteElo "2010"]
[BlackElo "2150"]
[Result "0-1"]
[Round "1"]
1.e4 e5
2.a3 Ng8f6
3.Nb1c3 Nb8c6
4.Bf1b5 d6
5.d3 Bc8d7
6.Bc1g5 Bf8e7
7.h4 O-O
8.Ng1h3 a6
9.Bb5c4 h6
10.Bg5e3 b5
11.Bc4a2 Nc6b8
12.Qd1d2 Nf6g4
13.g3 Ng4xe3
14.Qd2xe3 c5
15.f4 Nb8c6
16.Nc3d5 Nc6d4
17.Qe3f2 Kh8
18.O-O-O f5
19.Nh3g5 Be7f6
20.exf5 Bd7xf5
21.Nd5xf6 Qd8xf6
22.g4 Bf5e6
23.Ng5xe6 Nd4xe6
24.f5 Ne6f4
25.Qf2f3 Qf6e7
26.Rd1e1 Qe7c7
27.Qf3e4 Ra8d8
28.g5 Qc7d7
29.gxh6 gxh6
30.Re1g1 Qd7xf5
31.Qe4e1 d5
32.Rh1h2 Rf8g8
33.Rg1f1 c4
34.d4 exd4
35.Rh2f2 Rg8g4
36.Qe1d2 Rd8f8
37.Qd2xd4 Kh7
38.Ba2b1 Nf4e2
39.Rf2xe2 Qf5xf1
40.Qd4d1 Qf1xd1
41.Kxd1 Rg4g1
42.Re2e1 Rf8f1
43.c3 Kg7
44.Re1xf1 Rg1xf1
45.Kc2 Rf1f4
46.h5 Rf4f1
47.b4 Kf6
48.Kb2 Rf1xb1
49.Kxb1 Kf5
50.Kc2 Ke4
51.Kd2 Kf3
52.Kc2 Ke2
53.Kb2 Kd2
{ resign }
0-1

[Event "Tourn. n8579"]
[Site "www.chess-mail.com"]
[Date "2016.03.03"]
[Round "1"]
[White "Leeds"]
[Black "Ochoreales"]
[WhiteElo "1810"]
[BlackElo "1960"]
[Result "1-0"]
[Round "1"]
1.c4 Ng8f6
2.Nb1c3 g6
3.d4 Bf8g7
4.e4 d6
5.f4 O-O
6.Ng1f3 c5
7.d5 Nf6g4
8.Bc1d2 Nb8a6
9.Bf1e2 e5
10.O-O f5
11.h3 Ng4f6
12.fxe5 Nf6xe4
13.e6 Ne4g3
14.Rf1e1 Ng3xe2
15.Re1xe2  { time }
1-0

[Event "Tourn. n8647"]
[Site "www.chess-mail.com"]
[Date "2016.03.03"]
[Round "1"]
[White "Daquata"]
[Black "Potemkine"]
[WhiteElo "1630"]
[BlackElo "1530"]
[Result "1-0"]
[Round "1"]
1.e4 e5
2.Ng1f3 Nb8c6
3.Bf1c4 Ng8h6
4.d4 f6
5.Bc1xh6 gxh6
6.dxe5 fxe5
7.Nf3xe5 Nc6xe5
8.Qd1h5 Ke7
9.Qh5xe5 { resign }
1-0

[Event "Tourn. n8565"]
[Site "www.chess-mail.com"]
[Date "2016.03.03"]
[Round "1"]
[White "Osopanda"]
[Black "Maredocla"]
[WhiteElo "1940"]
[BlackElo "2080"]
[Result "0-1"]
[Round "1"]
1.c4 e5
2.Nb1c3 c5
3.g3 d6
4.Bf1g2 Bf8e7
5.e3 Ng8f6
6.Ng1e2 Bc8g4
7.f3 Bg4h5
8.O-O Qd8d7
9.d4 cxd4
10.exd4 exd4
11.Ne2xd4 O-O
12.Qd1d3 d5
13.cxd5 Bh5g6
14.Qd3d1 Be7c5
15.Bc1e3 Nf6xd5
16.Nc3xd5 Qd7xd5
17.Be3f2 Bc5xd4
18.Qd1xd4 Qd5xd4
19.Bf2xd4 Nb8c6
20.Bd4c3 b6
21.f4 Ra8c8
22.h3 Rf8d8
23.Ra1d1 Nc6e7
24.Bg2b7 Rc8b8
25.Bb7f3 Ne7f5
26.Kf2 f6
27.Bf3d5 Bg6f7
28.Bd5xf7 Kxf7
29.g4 Nf5e7
30.Rf1e1 Ne7d5
31.Bc3d2 Rb8c8
32.b4 Rc8c2
33.Kf3 Rc2xa2
34.Bd2e3 Ra2a3
35.Rd1d4 Ke7
36.Kf2 Ra3b3
37.Be3d2 Kf7
38.f5 g6
39.h4 b5
40.fxg6 hxg6
41.h5 Rd8d7
42.h6 g5
43.h7 Rb3h3
44.Re1a1 Rh3xh7
45.Ra1a6 Kg6
46.Kg3 Nd5b6
47.Rd4xd7 Rh7xd7
48.Bd2e1 Nb6d5
49.Kf3 Nd5b6
50.Ra6a5 Rd7d1
51.Be1f2 Rd1b1
52.Ra5xa7 Nb6d5
53.Bf2c5 Nd5xb4
54.Ra7b7 Nb4d3
55.Bc5d4 b4
56.Rb7b6 b3
57.Rb6xf6 Kh7
58.Ke4 b2
59.Rf6b6 Rb1e1
60.Kxd3 b1Q
61.Rb6xb1 Re1xb1
62.Ke4 Kg6
63.Bd4e3 Rb1h1
64.Be3xg5 Kxg5
65.Kf3 Rh1h4
{ resign }
0-1

[Event "Tourn. n8641"]
[Site "www.chess-mail.com"]
[Date "2016.03.03"]
[Round "1"]
[White "Daquata"]
[Black "Gatrooper"]
[WhiteElo "1630"]
[BlackElo "1670"]
[Result "1-0"]
[Round "1"]
1.e4 e5
2.Ng1f3 Nb8c6
3.Bf1c4 d6
4.d4 Bc8e6
5.d5 Be6xd5
6.Bc4xd5 Nc6d4
7.Nf3xd4 exd4
8.Bd5xb7 Ra8b8
9.Bb7c6 Ke7
10.Qd1xd4 f6
11.Nb1c3 Rb8b6
12.Nc3d5 Kf7
13.Nd5xb6 cxb6
14.Qd4d5 Ke7
15.Bc1f4 Qd8c7
16.O-O-O Kd8
17.Bf4xd6 Qc7xd6
18.Qd5b5 Qd6xd1
19.Rh1xd1 Ke7
20.Rd1d7 Ke8
21.Rd7xg7 Kd8
22.Rg7xa7 Ng8e7
23.Qb5xb6 Kc8
24.Qb6c7 { resign }
1-0

[Event "Match"]
[Site "www.echecsemail.com"]
[Date "2016.03.03"]
[Round "1"]
[White "Numanoid"]
[Black "Stevefillion"]
[WhiteElo "2460"]
[BlackElo "2370"]
[Result "1/2-1/2"]
[Round "1"]
1.e4 c6
2.d4 d5
3.e5 Bc8f5
4.Ng1f3 e6
5.Bf1e2 Nb8d7
6.O-O h6
7.Nb1d2 Ng8e7
8.Nd2b3 Bf5h7
9.Bc1d2 Qd8c7
10.Ra1c1 Ne7c8
11.Bd2a5 b6
12.Ba5d2 b5
13.Bd2a5 Qc7b7
14.Be2d3 Nc8b6
15.Bd3xh7 Rh8xh7
16.Nf3e1 Nb6c4
17.Ne1d3 h5
18.a3 Rh7h8
19.Qd1e2 g6
20.c3 Bf8e7
21.Ba5b4 a5
22.Bb4xe7 Kxe7
23.Nb3c5 Nd7xc5
24.Nd3xc5 Qb7c7
25.Qe2f3 Rh8g8
26.a4 bxa4
27.Rc1a1 Nc4b6
28.Ra1a2 Rg8e8
29.Rf1a1 Kf8
30.Nc5xa4 Nb6d7
31.Qf3f4 Re8b8
32.Qf4h6 { draw }
1/2-1/2

[Event "Match"]
[Site "www.echecsemail.com"]
[Date "2016.03.03"]
[Round "1"]
[White "Micheles"]
[Black "0o0o0"]
[WhiteElo "2490"]
[BlackElo "1370"]
[Result "1-0"]
[Round "1"]
1.d4 Ng8f6
2.Ng1f3 g6
3.Bc1g5 Bf8g7
4.Nb1d2 d6
5.e4 Nb8d7
6.c3 c5
7.Bf1d3 cxd4
8.cxd4 O-O
9.O-O Qd8b6
10.Ra1c1 a6
11.e5 Nf6d5
12.Bd3e4 Nd5b4
13.Nd2c4 Qb6d8
14.Qd1b3 d5
15.Qb3xb4 dxe4
16.Bg5xe7 Qd8c7
17.Nf3g5 Bg7h6
18.Nc4d6 Qc7b6
19.Qb4d2 f6
20.exf6 Nd7xf6
21.Be7xf8 Bh6xf8
22.Nd6xc8 Qb6d8
23.Ng5e6 Qd8e8
24.Nc8b6 Qe8xe6
25.Nb6xa8 Bf8d6
26.Na8b6 Qe6f5
27.Qd2c2 Qf5f4
28.Qc2c8 Kg7
29.Qc8xb7 Kh6
30.g3 Qf4g4
31.Qb7f7 Nf6h5
32.Rc1c6 Bd6xg3
33.Qf7f8 Kg5
34.fxg3 Nh5xg3
35.Rf1f2 Qg4d1
36.Kg2 Qd1h1
37.Kh3 Ng3f5
38.Rf2xf5 { resign }
1-0

[Event "Match"]
[Site "www.echecsemail.com"]
[Date "2016.03.03"]
[Round "1"]
[White "Pinehill"]
[Black "Paco"]
[WhiteElo "2110"]
[BlackElo "1990"]
[Result "1-0"]
[Round "1"]
1.e4 e5
2.d4 exd4
3.c3 dxc3
4.Bf1c4 cxb2
5.Bc1xb2 Bf8b4
6.Nb1d2 Ng8f6
7.e5 Nf6e4
8.Ng1f3 Nb8c6
9.O-O Ne4xd2
10.Nf3xd2 d6
11.exd6 Qd8xd6
12.Bb2xg7 Rh8g8
13.Rf1e1 Bc8e6
14.Bc4xe6 fxe6
15.Qd1h5 Kd7
16.Qh5f7 Qd6e7
17.Qf7xe7 Nc6xe7
18.Bg7h6 Rg8g6
19.Bh6e3 Ra8g8
20.g3 Ne7d5
21.Re1d1 Bb4c3
22.Ra1c1 h5
23.Nd2e4 h4
24.Ne4xc3 hxg3
25.hxg3 c6
26.Nc3xd5 exd5
27.Be3xa7 Rg8a8
28.Ba7e3 Ra8xa2
29.Rd1d2 Ra2a4
30.Kg2 b5
31.Be3c5 Rg6g4
32.Rc1e1 b4
33.Re1e7 Kd8
34.Re7b7 Kc8
35.Rb7a7 Ra4xa7
36.Bc5xa7 Kb7
37.Ba7c5 b3
38.Rd2b2 Rg4c4
39.Rb2xb3 Kc7
40.Bc5e3 d4
41.Be3f4 Kd7
42.Rb3b7 Kc8
43.Rb7c7 Kd8
44.Kf3 d3
45.Ke3 Rc4xf4
46.Rc7xc6 d2
47.Rc6d6 { resign }
1-0